00741nam a2200241 a 4500001001300000003000900013005001700022008004100039020002300080082001600103100002100119245004400140260004400184300000900228500003500237505001000272650003500282700002100317902000800338942000700346952012900353999001700482nice12345678IN_TiNIC20260116013805.0050524s1993 dela grp 000 0 eng  a8171007 c42500a001.42bTHA aThakur, Devendra aResearch Methodology in Social Sciences aDelhibDeep and Deep Publicationsc1993 a490p aincludes index and biblioraphy2 aIndex aSociology-Research Methodology1 aThakur, Devendra bSRS cBK 001040708StackRoom-aHMIbHMId2009-07-28g425.00l2o001.42 THAp015337r2019-07-05s2019-07-03v425.00w2005-05-24yBK c12513d12513